000
00342pam a2200157a 44500
008
230515b1984 xxu||||| |||| 00| 0 eng d
020
_a
NULL
041
_a
ENGL
082
_a
515.43/SHA
100
_a
SHANTI NARAYAN
245
_a
INTEGRAL CALCULUS
250
_a
B27
260
_a
NULL
_b
C.B.S
_c
1984
300
_a
328 PB
650
_a
NULL
999
_c
614835
_d
614835